Normal view
MARC view
- Pattanayak B & Mishara P K
Entry Personal Name
001 - CONTROL NUMBER
- control field: 110911
003 - CONTROL NUMBER IDENTIFIER
- control field: OSt
005 - DATE AND TIME OF LATEST TRANSACTION
- control field: 20230125043856.0
008 - FIXED-LENGTH DATA ELEMENTS
- fixed length control field: 230125|| aca||aabn | a|a d
040 ## - CATALOGING SOURCE
- Original cataloging agency: OSt
- Transcribing agency: OSt
100 ## - HEADING--PERSONAL NAME
- Personal name: Pattanayak B & Mishara P K
670 ## - SOURCE DATA FOUND
- Source citation: Work cat.: (OSt)87788: Pattanayak B 110910, Life in organisations, 1997